LEADER 00904nam0-22003011i-450- 001 990003224980403321 035 $a000322498 035 $aFED01000322498 035 $a(Aleph)000322498FED01 035 $a000322498 100 $a20000920d1988----km-y0itay50------ba 101 0 $aita 102 $aIT 200 1 $aTransnational Corporations in World Development$eTrends and Prospects$fUnited Nations Centre on Transnational Corporations. 210 $aNew York$cUnited Nations$d1988. 215 $a630 p.$d27 cm 676 $aO/1.2432 676 $aO/1.34 676 $aO/2.223 712 2$aCentre on Transnational Corporations$c 801 0$aIT$bUNINA$gRICA$2UNIMARC 901 $aBK 912 $a990003224980403321 952 $aO/1.34 UNI/N.A.$b9711$fSES 959 $aSES 996 $aTransnational Corporations in World Development$9454718 997 $aUNINA DB $aING01 LEADER 01391nam a22002891i 4500 001 991000452589707536 005 20021010074748.0 008 021010s1928 gw |||||||||||||||||ger 035 $ab12007158-39ule_inst 035 $aARCHE-009695$9ExL 040 $aDip.to Filologia Ling. e Lett.$bita$cA.t.i. Arché s.c.r.l. Pandora Sicilia s.r.l. 082 04$a306.4408 100 1 $aJaberg, Karl$d<1882-1952>$0191935 245 14$aDer Sprachatlas als forschungsinstrument, kritische grundlegung und einführung in den Sprach- und Sachatlas Italiens und der Südschweiz /$cK. Jaberg und J. Jud 260 $aHalle :$bM. Niemeyer,$c1928 300 $a243 p. ;$c24 cm 650 4$aDialetti italiani$xSvizzera$xStoria 650 4$aDialetti franco-provenzali$xStoria 650 4$aLinguadoca$xStoria 700 1 $aJud, Jakob$d<1882-1952> 907 $a.b12007158$b02-04-14$c01-04-03 912 $a991000452589707536 945 $aLE008 FL.M. (f.r.) XLI 23$g1$iLE008N-117$lle008$o-$pE0.00$q-$rn$so $t0$u0$v0$w0$x0$y.i12293088$z01-04-03 945 $aLE008 FL.M. (f.r.) XLI 23/bis$g2$iLE008N-6681$lle008$o-$pE0.00$q-$rn$so $t0$u0$v0$w0$x0$y.i1229309x$z01-04-03 996 $aSprachatlas als forschungsinstrument, kritische grundlegung und einführung in den Sprach- und Sachatlas Italiens und der Südschweiz$9133892 997 $aUNISALENTO 998 $ale008$b01-04-03$cm$da $e-$fger$ggw $h4$i2